000 01967cem a2200553 4500
999 _c372108
_d372108
001 1755681046
003 DE-627
005 20230111124844.0
007 au |u|||
008 210421s2021 gw |||||| | | ||ger c
015 _a21,N16
_2dnb
016 7 _a1231646624
_2DE-101
020 _a9783982296913
_c : EUR 9.95 (DE), EUR 10.30 (AT)
020 _a3982296919
024 3 _a9783982296913
028 5 2 _aNMM
034 1 _aa
_b1:100000
035 _a(DE-627)1755681046
035 _a(DE-599)DNB1231646624
035 _a(OCoLC)1257471363
040 _aDE-627
_bger
_cDE-627
_erda
_dDE-2950
041 _ager
_apol
044 _cXA-DE-BE
082 0 4 _a910
_qDE-101
084 _a15.46
_2bkl
100 1 _aBloch, Dirk
_d1965-
_eKartografIn
_0(DE-588)139457496
_0(DE-627)611261863
_0(DE-576)284353795
_4ctg
245 1 0 _aNeumark - mittl. Teil
_bLand Sternberg/Warthebruch : Ausflugkarte, Ortsnamenkarte : = Ziemia Lubuska pólnoc
_cDirk Bloch
246 3 1 _aZiemia Lubuska pólnoc
246 3 0 _amittlerer
250 _a1. Auflage
255 _a1:100 000
_cE 014 30 00-E 016 01 30"/N 052 48 30-N 052 18 00
264 1 _aBerlin:
_bBLOCHPLAN,
_c2021
300 _a1 Karte, beidseitig
_bfarbig
_c83 x 58 cm, gefaltet 22 x 13 cm
336 _akartografisches Bild
_bcri
_2rdacontent
337 _aohne Hilfsmittel zu benutzen
_bn
_2rdamedia
338 _aBlatt
_bnb
_2rdacarrier
490 0 _aNeumark-Landkarten
_v2
500 _a1 Anschlusskarte, 1 Nebenkarte
500 _aOrtsverzeichnis verso
546 _aTexte in deutsch und polnisch
653 _aBrandenburg <Land>
653 _aGeschichte
655 7 _aKarte
_0(DE-588)4029783-4
_0(DE-627)104321792
_0(DE-576)208984178
_2gnd-content
655 7 _aVerzeichnis
_0(DE-588)4188171-0
_0(DE-627)105266639
_0(DE-576)210051078
_2gnd-content
951 _aBO
710 2 _aBLOCHPLAN
_gFirma
_eVerlag
_0(DE-588)1064120695
_0(DE-627)812967844
_0(DE-576)423699520
_4pbl
936 b k _a15.46
942 _2z
_cMP